书目信息 |
| 题名: |
组合几何
|
|
| 作者: | 单堈 著 | |
| 分册: | ||
| 出版信息: | 上海 上海教育出版社 1996 |
|
| 页数: | 241页 | |
| 开本: | 18cm | |
| 丛书名: | ||
| 单 册: | ||
| 中图分类: | O157.3 | |
| 科图分类: | ||
| 主题词: | 组合几何 | |
| 电子资源: | ||
| ISBN: | 7-5320-4772-5 | |
| 000 | 00568nam0 2200229 45 | |
| 001 | 0197007332 | |
| 005 | 20040907174202.6 | |
| 010 | @a7-5320-4772-5@dCNY6.70 | |
| 100 | @a19970219d1996 em y0chiy0121 ea | |
| 101 | 0 | @achi |
| 102 | @aCN@b310000 | |
| 105 | @ay z 000yy | |
| 106 | @ar | |
| 200 | 10 | @a组合几何@Azu he ji he@f单堈著 |
| 210 | @a上海@c上海教育出版社@d1996 | |
| 215 | @a241页@d18cm | |
| 540 | 1 | @a几何@Aji he |
| 606 | @a组合几何 | |
| 690 | @aO157.3@v3 | |
| 701 | 0 | @a单堈@Ashan dun@4著 |
| 801 | 0 | @aCN@bNLC@c19970508 |
| 905 | @dO157.3@e51@f1@b281308 | |
| 组合几何/单堈著.-上海:上海教育出版社,1996 |
| 241页;18cm |
| ISBN 7-5320-4772-5:CNY6.70 |
| ● |
| 相关链接 |
|
|
|
|
正题名:组合几何
索取号:O157.3/51
 
预约/预借
| 序号 | 登录号 | 条形码 | 馆藏地/架位号 | 状态 | 备注 |
| 1 | 0281305 | 002813058 | 第三借阅区/ [索取号:O157.3/51] | 在馆 | |
| 2 | 0281306 | 002813067 | 第三借阅区/ [索取号:O157.3/51] | 在馆 | |
| 3 | 0281307 | 002813076 | 第三借阅区/ [索取号:O157.3/51] | 在馆 | |
| 4 | 0281308 | 002813085 | 第三借阅区/ [索取号:O157.3/51] | 在馆 | |
| 5 | 0281309 | 002813094 | 第二样本阅览室/ [索取号:O157.3/51] | 在馆 |